Online reputačný manažment stravovacieho zariadenia bakalárska práca

Guardado en:
Detalles Bibliográficos
Autor principal: Vrabcová, Zuzana
Autor Corporativo: Obchodná fakulta EU. Katedra služieb a cestovného ruchu - zrušené
Otros Autores: Bažó, Ladislav, 1980-
Formato: Libro
Lenguaje:eslovaco
Publicado: Bratislava 2015
Etiquetas: Agregar Etiqueta
Sin Etiquetas, Sea el primero en etiquetar este registro!

MARC

LEADER 00000nbm a2200000 4500
001 0203185
005 20161212105204.1
041 0 |a slo 
044 |a SK 
245 1 0 |a Online reputačný manažment stravovacieho zariadenia  |b bakalárska práca  |c Zuzana Vrabcová ; školiteľ: Ladislav Bažó 
264 1 |a Bratislava  |c 2015 
300 |a 49 s. 
100 1 |a Vrabcová, Zuzana 
700 1 |a Bažó, Ladislav, 1980- 
710 2 |a Obchodná fakulta EU. Katedra služieb a cestovného ruchu - zrušené